000 01233naa a22003257a 4500
001 BR9404715
003 BR-BrBNA
005 20250721155505.0
007 ta
008 250630b bl.|||m| |||| 00| 0 por d
040 _aBR-BrBNA
_bpor
_cBiblioteca Nacional de Agricultura
041 _a(Pt)
072 _aL72
_b5214
_b4060
090 _aL72 BR9404715
100 1 _aCosta, A.L. da
111 1 _a1. Simposio do Tropico Umido
_cBelem, PA (Brazil)
_d12-17 Nov 1984
245 1 _aLevantamento e controle de verminose subclinica em vacas leiteiras no Estado do Acre
500 _aAnais do 1. Simposio do Tropico Umido. V. 5 Pastagem e producao animal Belem, PA (Brasil): 1986. p. 319-323 [Summaries (En, Pt); 10 ref.] (BR9404715-AMS)
773 0 _tAnais do 1. Simposio do Tropico Umido. V. 5 Pastagem e producao animal
_wL72 BR9404715
_gBelem, PA (Brasil), 1986. p. 319-323
650 _aGado Leiteiro
650 _aVaca
650 _aVerminose
650 _aHelminto
650 _aAnti-Helmintico
650 _aTratamento
650 _aAcre
490 _aDocumentos - Centro de Pesquisa Agropecuaria do Tropico Umido (Brazil)
_vno. 36
_xISSN 0101-2835
942 _cAMS
_2AGRIS
909 _a202506
_bLúcia
_c55
_dLúcia Elande
999 _c336794
_d336794